[Event "Le Blanc et Noir de St-Jean"]
[Site "St-Jean CAN"]
[Date "2020.01.18"]
[Round "2.4"]
[White "Lynch, Jonathan"]
[Black "Duong, Thanh Nha"]
[Result "0-1"]
[WhiteElo "1656"]
[BlackElo "2300"]
[PlyCount "102"]
[EventDate "2020.01.17"]
[EventType "swiss"]
[EventRounds "5"]
[EventCountry "CAN"]

1. d4 Nf6 2. Nc3 d5 3. Bf4 a6 4. e3 Bf5 5. f3 h6 6. g4 Bh7 7. h4 e6 8. Bd3 Bxd3
9. Qxd3 c5 10. dxc5 Bxc5 11. O-O-O Nc6 12. g5 Nh5 13. g6 Nxf4 14. gxf7+ Kxf7
15. exf4 Ne7 16. h5 Rc8 17. Nge2 Nf5 18. Kb1 Re8 19. Ng3 Nxg3 20. Qg6+ Kg8 21.
Qxg3 Qf6 22. Ne2 a5 23. Qg6 Qxg6 24. hxg6 Rf8 25. Rh4 Rf6 26. Rg4 Rcf8 27. Rd3
b5 28. Rc3 Rc8 29. Ng3 b4 30. Rd3 Bf2 31. Ne2 Kf8 32. a3 Ke7 33. axb4 axb4 34.
f5 Rc4 35. Rg2 Bc5 36. Rh2 Rxf5 37. b3 Bd6 38. Rxh6 gxh6 39. bxc4 dxc4 40. Rd4
c3 41. f4 Rf6 42. g7 Rg6 43. Re4 Rxg7 44. Nd4 Rg6 45. f5 Rg1+ 46. Ka2 e5 47.
Nb5 Rc1 48. Kb3 Rb1+ 49. Kc4 b3 50. Kxc3 bxc2 51. f6+ Kxf6 0-1

[Event "Le Blanc et Noir de St-Jean"]
[Site "St-Jean CAN"]
[Date "2020.01.19"]
[Round "4.3"]
[White "Nunez-Painchaud, Raphael"]
[Black "Duong, Thanh Nha"]
[Result "0-1"]
[WhiteElo "2176"]
[BlackElo "2300"]
[PlyCount "84"]
[EventDate "2020.01.17"]
[EventType "swiss"]
[EventRounds "5"]
[EventCountry "CAN"]

1. d4 Nf6 2. Nf3 e6 3. c4 d5 4. g3 dxc4 5. Bg2 Bb4+ 6. Bd2 c5 7. O-O Nc6 8.
Bxb4 cxb4 9. Nbd2 c3 10. bxc3 bxc3 11. Nb1 e5 12. Nxc3 exd4 13. Nb5 O-O 14.
Nfxd4 Bd7 15. e3 a6 16. Nd6 Qe7 17. Nxb7 Rac8 18. Nxc6 Bxc6 19. Bxc6 Rxc6 20.
Na5 Rd6 21. Qf3 Ne4 22. Nc4 Rc6 23. Nd2 f5 24. Nxe4 fxe4 25. Qe2 Rfc8 26. Rad1
Qe6 27. Rd2 h6 28. Rfd1 Kh7 29. Kg2 a5 30. Qh5 a4 31. Qd5 Qg4 32. Qf7 Rf6 33.
Qd7 Qf3+ 34. Kg1 Rcc6 35. h3 h5 36. h4 a3 37. Qh3 Rc2 38. Qg2 Qg4 39. Qf1 Rc3
40. Qe2 Rf3 41. Re1 Rc6 42. Qb5 Rxg3+ 0-1

[Event "Le Blanc et Noir de St-Jean"]
[Site "St-Jean CAN"]
[Date "2020.01.19"]
[Round "5.2"]
[White "Duong, Thanh Nha"]
[Black "Letarte-Lavoie, Francis"]
[Result "1-0"]
[WhiteElo "2300"]
[BlackElo "1839"]
[PlyCount "79"]
[EventDate "2020.01.17"]
[EventType "swiss"]
[EventRounds "5"]
[EventCountry "CAN"]

1. Nf3 d5 2. d4 Nf6 3. c4 e6 4. g3 c5 5. cxd5 exd5 6. Bg2 Nc6 7. O-O cxd4 8.
Nxd4 Bc5 9. Nxc6 bxc6 10. b3 O-O 11. Bb2 Bb6 12. Nc3 Re8 13. e3 Ng4 14. Na4 Bc7
15. Rc1 Qd6 16. Qd4 Qh6 17. h3 Ne5 18. f4 Bxh3 19. fxe5 Bxe5 20. Qd2 Bxg3 21.
Rf3 Bh2+ 22. Kxh2 Bg4+ 23. Kg1 Bxf3 24. Bxf3 Rxe3 25. Bg2 Rae8 26. Bd4 R3e6 27.
Qxh6 Rxh6 28. Kf2 Rhe6 29. Bf3 Rh6 30. Bxa7 Rh2+ 31. Bg2 Re6 32. Kg1 Rh4 33.
Bf2 Rg4 34. Kf1 Rg5 35. Nc5 Reg6 36. Re1 h6 37. Bh3 Rh5 38. Bg2 Rhg5 39. Re8+
Kh7 40. Nd7 1-0

[Event "World op"]
[Site "Philadelphia USA"]
[Date "2019.07.04"]
[Round "2"]
[White "Shabalov, Alexander"]
[Black "Duong, Thanh Nha"]
[Result "1-0"]
[WhiteElo "2500"]
[BlackElo "2230"]
[PlyCount "74"]
[EventDate "2019.07.03"]
[EventType "swiss"]
[EventRounds "9"]
[EventCountry "USA"]

1. c4 c5 2. Nf3 Nf6 3. Nc3 b6 4. d4 cxd4 5. Nxd4 Bb7 6. f3 e6 7. e4 d6 8. Be2
Be7 9. O-O O-O 10. Be3 Nbd7 11. a4 a6 12. a5 bxa5 13. Nb3 Rb8 14. Nxa5 Ba8 15.
Qd2 Qc7 16. Rfc1 Rfd8 17. Bf1 Ne5 18. Na4 Nc6 19. Nxc6 Bxc6 20. b4 Bxa4 21.
Rxa4 d5 22. exd5 Qd7 23. Rca1 Qb7 24. b5 exd5 25. bxa6 Qc8 26. Bf2 d4 27. Bd3
Bc5 28. a7 Ra8 29. Ra6 Be7 30. Qa5 h6 31. Qb5 Qc5 32. Qb7 Bd6 33. R1a5 Qc7 34.
Qxc7 Bxc7 35. Rb5 Kf8 36. g3 Rd7 37. Rb7 Bd8 1-0

[Event "Foxwoods op"]
[Site "Mashantucket USA"]
[Date "2019.04.20"]
[Round "6"]
[White "Hevia Alejano, Carlos Antonio"]
[Black "Duong, Thanh Nha"]
[Result "1-0"]
[WhiteElo "2470"]
[BlackElo "2214"]
[PlyCount "173"]
[EventDate "2019.04.17"]
[EventType "swiss"]
[EventRounds "9"]
[EventCountry "USA"]
[Source "ChessMix"]
[SourceDate "2019.05.01"]

1. e4 e5 2. Nf3 Nc6 3. Bb5 a6 4. Ba4 Nf6 5. O-O Be7 6. d3 b5 7. Bb3 O-O 8. Re1
d6 9. a4 Be6 10. Bxe6 fxe6 11. c3 Qd7 12. Bg5 h6 13. Bxf6 Bxf6 14. Nbd2 Ne7 15.
d4 Ng6 16. Nf1 Rfb8 17. axb5 Qxb5 18. dxe5 Nxe5 19. Nxe5 Bxe5 20. Re2 a5 21.
Ra4 Qb3 22. Qa1 Qb5 23. Rc2 Qb3 24. Rd2 Bf4 25. Re2 Qb5 26. Qd1 Qb3 27. Qxb3
Rxb3 28. Rc2 Rab8 29. Ra2 c6 30. g3 Be5 31. Nd2 R3b5 32. Nc4 Rc5 33. Ra4 g5 34.
f3 Rd8 35. Rd2 Kf8 36. Kf2 Ke7 37. Nxa5 Rd7 38. Nc4 Rb5 39. Ra6 Rc7 40. Ke3 Rc5
41. Ra4 Rd7 42. Nb6 Rc7 43. c4 Rb7 44. b4 Rxb6 45. Kd3 Rxb4 46. Rxb4 Ra5 47.
Ke3 c5 48. Rb3 Ra1 49. f4 Bd4+ 50. Rxd4 cxd4+ 51. Kxd4 Rd1+ 52. Rd3 Rf1 53. c5
gxf4 54. gxf4 Rxf4 55. Ke3 Rh4 56. cxd6+ Kd7 57. e5 Rh5 58. Ke4 Rh4+ 59. Kf3
Rh5 60. Re3 Rxh2 61. Kg4 Rf2 62. Rh3 Re2 63. Kf4 Rf2+ 64. Ke4 Re2+ 65. Kd4 Rd2+
66. Ke3 Rd1 67. Rxh6 Re1+ 68. Kf4 Rf1+ 69. Kg4 Rg1+ 70. Kf3 Rf1+ 71. Ke3 Re1+
72. Kd4 Rd1+ 73. Ke3 Re1+ 74. Kf4 Rf1+ 75. Kg4 Rg1+ 76. Kh4 Rh1+ 77. Kg5 Rg1+
78. Kf6 Rf1+ 79. Kg6 Rf5 80. Rh7+ Kd8 81. Rh5 Rf8 82. Rh7 Rf5 83. Rh8+ Kd7 84.
Rh5 Rf8 85. Rh7+ Kc6 86. Rc7+ Kd5 87. d7 1-0

[Event "Foxwoods op"]
[Site "Mashantucket USA"]
[Date "2019.04.21"]
[Round "8"]
[White "Yanayt, Eugene"]
[Black "Duong, Thanh Nha"]
[Result "0-1"]
[WhiteElo "2268"]
[BlackElo "2214"]
[PlyCount "108"]
[EventDate "2019.04.17"]
[EventType "swiss"]
[EventRounds "9"]
[EventCountry "USA"]
[Source "ChessMix"]
[SourceDate "2019.05.01"]

1. d4 Nf6 2. c4 e6 3. Nf3 d5 4. g3 dxc4 5. Bg2 Bb4+ 6. Nc3 O-O 7. O-O Nc6 8.
Qa4 Bd7 9. Qb5 Bxc3 10. bxc3 Nxd4 11. Qxc4 Nxf3+ 12. Bxf3 c6 13. Rb1 Qc8 14. a4
e5 15. a5 Be6 16. Qc5 Bd5 17. Ba3 Re8 18. Bg2 Nd7 19. Qe3 Qc7 20. Rfd1 e4 21.
Rd4 Ne5 22. Qc1 Nc4 23. Bb4 Rad8 24. Qf4 Qxf4 25. gxf4 b6 26. Rbd1 bxa5 27. Bc5
f5 28. e3 Nb2 29. Ra1 Nd3 30. Bxa7 Ra8 31. Bb6 Ra6 32. Bc7 Rc8 33. Bd6 Bb3 34.
Ba3 c5 35. Rd7 Rb6 36. Bh3 Be6 37. Re7 Kf8 38. Ra7 Rb5 39. Bf1 Bc4 40. Bc1 Kg8
41. R7xa5 Rxa5 42. Rxa5 Rb8 43. Ra1 Rb3 44. Bd2 Rb2 45. Be1 Kf8 46. Rd1 Ke7 47.
Bxd3 exd3 48. Kg2 Re2 49. Bd2 Bb3 50. Rb1 Bc2 51. Rb7+ Kf6 52. Bc1 Re1 53. Bb2
d2 54. c4+ Ke6 0-1

[Event "Foxwoods op"]
[Site "Mashantucket USA"]
[Date "2019.04.21"]
[Round "9"]
[White "Duong, Thanh Nha"]
[Black "Kambrath, Yannick"]
[Result "1/2-1/2"]
[WhiteElo "2214"]
[BlackElo "2335"]
[PlyCount "98"]
[EventDate "2019.04.17"]
[EventType "swiss"]
[EventRounds "9"]
[EventCountry "USA"]
[Source "ChessMix"]
[SourceDate "2019.05.01"]

1. d4 Nf6 2. Nf3 d5 3. c4 e6 4. g3 Bb4+ 5. Bd2 Be7 6. Bg2 O-O 7. O-O Nbd7 8.
Bf4 c6 9. Qc2 Ne4 10. Nc3 g5 11. Bc1 f5 12. Ne1 Bf6 13. e3 Nd6 14. c5 Ne4 15.
f4 Nxc3 16. Qxc3 b6 17. b4 a5 18. Ba3 Ba6 19. Rf2 Bc4 20. fxg5 Bxg5 21. cxb6
axb4 22. Bxb4 c5 23. dxc5 Bf6 24. Qc1 Bxa1 25. Qxa1 Qe7 26. Qd4 Nxb6 27. a3 Nc8
28. Nf3 Rd8 29. Ne5 Na7 30. g4 Rac8 31. gxf5 Nc6 32. Nxc6 Rxc6 33. fxe6 Qg7 34.
Qh4 Re8 35. Rf7 Qg6 36. Rf6 Qb1+ 37. Kf2 Qb2+ 38. Kg1 Qc1+ 39. Kf2 Qb2+ 40. Kg1
Qc1+ 41. Kf2 Qc2+ 42. Kg3 Rc7 43. Rf7 Rxf7 44. exf7+ Kxf7 45. Qf4+ Kg8 46. Qg5+
Kh8 47. Qf6+ Kg8 48. Qg5+ Kh8 49. Qf6+ Kg8 1/2-1/2

[Event "Varennes op"]
[Site "Varennes CAN"]
[Date "2018.10.05"]
[Round "1.15"]
[White "Duong, Thanh Nha"]
[Black "Zhong, Kevin"]
[Result "0-1"]
[WhiteElo "2323"]
[BlackElo "2156"]
[PlyCount "96"]
[EventDate "2018.10.05"]
[EventType "swiss"]
[EventRounds "5"]
[EventCountry "CAN"]

1. c4 e6 2. Nf3 d5 3. g3 c5 4. cxd5 exd5 5. d4 Nc6 6. Bg2 Nf6 7. O-O Be7 8. Nc3
O-O 9. b3 Ne4 10. Bb2 Bf6 11. e3 Bg4 12. Ne2 cxd4 13. Nexd4 Ne5 14. Rb1 Ng5 15.
Ba3 Be7 16. Bb2 Bf6 17. Ba3 Re8 18. Re1 Nexf3+ 19. Bxf3 Nxf3+ 20. Nxf3 Bc3 21.
Qd3 Qa5 22. Ng5 g6 23. b4 Qxa3 24. Rb3 Qxb3 25. axb3 Bxe1 26. Kf1 h6 27. Nxf7
Kxf7 28. Qxd5+ Be6 29. Qxb7+ Kg8 30. Kxe1 Bxb3 31. h4 Rac8 32. e4 Rc4 33. f3
Rd8 34. Qa6 Rc1+ 35. Kf2 Rc2+ 36. Ke3 Rc3+ 37. Kf4 Bf7 38. h5 g5+ 39. Kg4 Re8
40. Qxh6 Re5 41. Kh3 Rxf3 42. Qd6 Rxe4 43. Qd8+ Kh7 44. Qxg5 Re2 45. Kg4 Rff2
46. Qd8 Be6+ 47. Kh4 Re4+ 48. g4 Rxg4+ 0-1

[Event "Varennes op"]
[Site "Varennes CAN"]
[Date "2018.10.06"]
[Round "2.15"]
[White "Tremblay, Alain"]
[Black "Duong, Thanh Nha"]
[Result "0-1"]
[WhiteElo "2109"]
[BlackElo "2323"]
[PlyCount "82"]
[EventDate "2018.10.05"]
[EventType "swiss"]
[EventRounds "5"]
[EventCountry "CAN"]

1. e4 c5 2. Nf3 Nc6 3. Bb5 e6 4. Bxc6 dxc6 5. d3 Ne7 6. O-O Ng6 7. Be3 Be7 8.
a3 O-O 9. Nbd2 b6 10. Nc4 Qc7 11. Bd2 Ba6 12. b4 Rfd8 13. Qc1 Bxc4 14. dxc4 Ne5
15. Nxe5 Qxe5 16. Qe1 Qd4 17. Bc3 Qxc4 18. f4 cxb4 19. axb4 f6 20. Rf3 c5 21.
b5 Qxb5 22. Rh3 Qe8 23. Qh4 Qg6 24. Re1 c4 25. Rg3 Qf7 26. Kh1 b5 27. Rh3 h6
28. Ba5 Rd7 29. Qg3 Kh7 30. Qf3 Rc8 31. f5 e5 32. g4 b4 33. g5 fxg5 34. Qg3 Qf6
35. Rg1 Bc5 36. Rf1 Rc6 37. c3 b3 38. Rh5 Ra6 39. Bb4 Bxb4 40. cxb4 Rd3 41. Qf2
Ra2 0-1

[Event "Varennes op"]
[Site "Varennes CAN"]
[Date "2018.10.06"]
[Round "3.10"]
[White "Duong, Thanh Nha"]
[Black "Luksza, Arkadiusz"]
[Result "1-0"]
[WhiteElo "2323"]
[BlackElo "2174"]
[PlyCount "145"]
[EventDate "2018.10.05"]
[EventType "swiss"]
[EventRounds "5"]
[EventCountry "CAN"]

1. d4 Nf6 2. Nf3 g6 3. Bg5 Bg7 4. Nbd2 d5 5. e3 O-O 6. Bd3 c5 7. c3 Qb6 8. Rb1
Re8 9. b4 cxd4 10. cxd4 Nbd7 11. O-O e5 12. dxe5 Ng4 13. Qa4 h6 14. Bf4 g5 15.
Bg3 Rf8 16. h3 Ngxe5 17. Bc2 Qd8 18. Qb3 Nxf3+ 19. Nxf3 Nf6 20. Be5 Re8 21. Qd3
g4 22. hxg4 Bxg4 23. Bh2 Rc8 24. Ba4 Bd7 25. Bb3 a6 26. Rfc1 Bb5 27. Qd1 Bc4
28. Be5 b5 29. a3 Qe7 30. Bc2 Ne4 31. Bxg7 Kxg7 32. Qd4+ Qf6 33. Bxe4 dxe4 34.
Qxf6+ Kxf6 35. Nd4 Bd3 36. Ra1 Ke5 37. Nb3 Bc4 38. Na5 Red8 39. Rd1 Rxd1+ 40.
Rxd1 Bd3 41. Ra1 Kd5 42. Kh2 Ke5 43. Kg3 Kf5 44. Nb7 Rc3 45. Nd6+ Ke6 46. Nb7
Ke5 47. Na5 Kf5 48. a4 Rc2 49. axb5 axb5 50. Nb3 Rb2 51. Nd4+ Kg5 52. Nc6 h5
53. Rh1 Bc4 54. f4+ exf3 55. gxf3 Bd5 56. f4+ Kh6 57. Rc1 f6 58. Rc5 Bxc6 59.
Rxc6 Kg6 60. e4 Rb3+ 61. Kh4 Rxb4 62. f5+ Kg7 63. Kxh5 Rxe4 64. Rc7+ Kf8 65.
Kg6 Re7 66. Rc8+ Re8 67. Rc6 Rb8 68. Rxf6+ Kg8 69. Rf7 b4 70. f6 b3 71. Rg7+
Kh8 72. Rh7+ Kg8 73. f7+ 1-0

[Event "Varennes op"]
[Site "Varennes CAN"]
[Date "2018.10.07"]
[Round "4.5"]
[White "Ruiz Sanchez, Orlen"]
[Black "Duong, Thanh Nha"]
[Result "1/2-1/2"]
[WhiteElo "2425"]
[BlackElo "2323"]
[PlyCount "97"]
[EventDate "2018.10.05"]
[EventType "swiss"]
[EventRounds "5"]
[EventCountry "CAN"]

1. e4 e6 2. d4 d5 3. Nc3 dxe4 4. Nxe4 Nd7 5. Nf3 Ngf6 6. Nxf6+ Nxf6 7. Ne5 Bd6
8. Qf3 O-O 9. Bg5 Be7 10. c3 h6 11. Be3 Nd5 12. Bd3 Bg5 13. h4 Bxe3 14. fxe3 f6
15. Ng6 Re8 16. e4 Ne7 17. e5 Nxg6 18. Bxg6 Rf8 19. exf6 Qxf6 20. Qg3 Qf4 21.
Qxf4 Rxf4 22. g3 Rf3 23. Bh5 Rf5 24. g4 Rf4 25. Rf1 Rxf1+ 26. Kxf1 Bd7 27. Kg1
Rf8 28. Rf1 Rxf1+ 29. Kxf1 Kf8 30. Kf2 Ke7 31. g5 hxg5 32. hxg5 Kd6 33. Bf3 b6
34. Ke3 Be8 35. Kf4 Bg6 36. b3 Bd3 37. Be4 Be2 38. c4 c5 39. Ke3 Bh5 40. Kd3
Bg4 41. Kc3 Bf5 42. Bf3 e5 43. dxc5+ bxc5 44. b4 e4 45. Bd1 cxb4+ 46. Kd4 a5
47. c5+ Kc7 48. Bb3 Bg6 49. Ke3 1/2-1/2

[Event "Varennes op"]
[Site "Varennes CAN"]
[Date "2018.10.07"]
[Round "5.8"]
[White "Duong, Thanh Nha"]
[Black "Langlois-Remillard, Alexis"]
[Result "1-0"]
[WhiteElo "2323"]
[BlackElo "1923"]
[PlyCount "95"]
[EventDate "2018.10.05"]
[EventType "swiss"]
[EventRounds "5"]
[EventCountry "CAN"]

1. d4 g6 2. Nf3 Bg7 3. g3 d6 4. Bg2 Nc6 5. O-O e5 6. d5 Nce7 7. e4 Nh6 8. c4
O-O 9. Nc3 f5 10. exf5 gxf5 11. c5 Nf7 12. cxd6 cxd6 13. Ng5 Nxg5 14. Bxg5 h6
15. Bd2 Ng6 16. Rc1 Bd7 17. Qb3 f4 18. Ne4 Bf5 19. Bb4 Bxe4 20. Bxe4 Nh8 21.
Qc2 Nf7 22. Qc7 Qf6 23. Qd7 Ng5 24. f3 fxg3 25. hxg3 Nxe4 26. fxe4 Qg5 27. Kg2
Rf4 28. Bd2 Qg4 29. Qxg4 Rxg4 30. Rc7 Rf8 31. Rxf8+ Bxf8 32. Rxb7 Rxe4 33. Bc3
Ra4 34. a3 h5 35. Bb4 Ra6 36. Rd7 Kh8 37. Kf3 Rb6 38. Rxa7 Rb5 39. Ke4 Kg8 40.
Rd7 Kh8 41. Bc3 Rc5 42. Bb4 Rc4+ 43. Kf5 e4 44. Bxd6 Bxd6 45. Rxd6 e3 46. Re6
Rd4 47. Rxe3 Rxd5+ 48. Kg6 1-0

[Event "Montreal Summer Classic"]
[Site "Montreal CAN"]
[Date "2018.07.30"]
[Round "1"]
[White "Rozman, Levy"]
[Black "Duong, Thanh Nha"]
[Result "1-0"]
[WhiteElo "2417"]
[BlackElo "2207"]
[PlyCount "97"]
[EventDate "2018.07.30"]
[EventType "tourn"]
[EventRounds "9"]
[EventCountry "CAN"]

1. c4 Nf6 2. Nc3 c5 3. g3 g6 4. Bg2 Bg7 5. a3 Nc6 6. Rb1 a5 7. d3 O-O 8. Bg5 d6
9. Nf3 h6 10. Bd2 Be6 11. O-O Kh7 12. Qb3 Rb8 13. h3 Qc8 14. Kh2 b6 15. e4 Ne8
16. Nd5 Bd7 17. Bc3 e5 18. Nh4 Nf6 19. Ne3 Nd4 20. Qd1 Qd8 21. a4 Ng8 22. b3
Bf6 23. Nf3 Ne7 24. Ng1 Nec6 25. Nd5 Bg7 26. f4 exf4 27. gxf4 f5 28. Qe1 Be6
29. Qg3 Re8 30. Rf2 Bf7 31. h4 Nb4 32. Bxb4 axb4 33. Nf3 Bxd5 34. cxd5 Bf6 35.
Qh3 Nxf3+ 36. Bxf3 Bxh4 37. Rg2 Qf6 38. Kh1 Rg8 39. e5 dxe5 40. fxe5 Qxe5 41.
Qxh4 g5 42. Re1 Qd6 43. Qh5 Rg6 44. Rge2 Rbg8 45. Qh2 Qf6 46. Bh5 R6g7 47. Re6
Qd4 48. Rxh6+ Kxh6 49. Bg4+ 1-0

[Event "Montreal Summer Classic"]
[Site "Montreal CAN"]
[Date "2018.07.31"]
[Round "2.4"]
[White "Duong, Thanh Nha"]
[Black "Kavutskiy, Konstantin"]
[Result "1/2-1/2"]
[WhiteElo "2207"]
[BlackElo "2409"]
[PlyCount "101"]
[EventDate "2018.07.30"]
[EventType "tourn"]
[EventRounds "9"]
[EventCountry "CAN"]

1. Nf3 Nf6 2. c4 g6 3. g3 Bg7 4. Bg2 O-O 5. O-O d6 6. Nc3 Nc6 7. d3 e5 8. Rb1
a5 9. a3 Re8 10. Bg5 h6 11. Bxf6 Bxf6 12. Nd5 Bg7 13. Nd2 Nd4 14. e3 Ne6 15. b4
axb4 16. axb4 c6 17. Nc3 Bd7 18. Qc2 f5 19. Ra1 g5 20. Rxa8 Qxa8 21. b5 g4 22.
bxc6 bxc6 23. Rb1 Qa7 24. Qa4 Qc7 25. Qb4 Nc5 26. Bf1 Ra8 27. Nb3 Ne6 28. Nd2
Bf6 29. Qb2 Kf7 30. Ra1 Rb8 31. Qa2 h5 32. Rb1 Rh8 33. Qa6 Nc5 34. Qa3 h4 35.
Nb3 Ne6 36. Qa5 Qc8 37. Qa7 hxg3 38. hxg3 Kg6 39. Bg2 Rh7 40. Na5 Qf8 41. Qb8
Qxb8 42. Rxb8 e4 43. Nxe4 Bd8 44. Nb7 Bc7 45. Ra8 fxe4 46. Bxe4+ Kh6 47. Bxh7
Kxh7 48. Ra7 Bb8 49. Ra8 Bc7 50. Ra7 Bb8 51. Ra8 1/2-1/2

[Event "Montreal Summer Classic"]
[Site "Montreal CAN"]
[Date "2018.07.31"]
[Round "3.3"]
[White "Yu, Zong Yang"]
[Black "Duong, Thanh Nha"]
[Result "1-0"]
[WhiteElo "2389"]
[BlackElo "2207"]
[PlyCount "167"]
[EventDate "2018.07.30"]
[EventType "tourn"]
[EventRounds "9"]
[EventCountry "CAN"]

1. d4 Nf6 2. Nf3 e6 3. c4 Bb4+ 4. Bd2 Qe7 5. g3 Ne4 6. Bg2 Nxd2 7. Nbxd2 d5 8.
O-O O-O 9. Rc1 Rd8 10. Qc2 c6 11. Nb3 Bd6 12. e4 dxe4 13. Qxe4 Nd7 14. Rfd1 Nf6
15. Qe1 Bd7 16. Ne5 Be8 17. a3 Nd7 18. c5 Bc7 19. Nc4 Nf6 20. Nba5 Rab8 21. b4
Nd5 22. Nb3 f6 23. Qe2 Bf7 24. Re1 Re8 25. Bh3 e5 26. Qb2 e4 27. Nbd2 Bg6 28.
Bg2 f5 29. Nf3 Bh5 30. Nfe5 Qg5 31. b5 Re6 32. bxc6 bxc6 33. Qc2 Be8 34. Rb1
Rc8 35. Rb7 a5 36. Qb3 Qd8 37. Bh3 Rf6 38. Ne3 g6 39. Bf1 Kh8 40. Bc4 Nxe3 41.
Qxe3 Rb8 42. Reb1 Rxb7 43. Rxb7 Qc8 44. Rb1 Kg7 45. Ba2 Bd7 46. Qb3 Rf8 47. Qb7
Bxe5 48. dxe5 Kh6 49. Rb6 Qxb7 50. Rxb7 Bc8 51. Rb6 Rd8 52. Bb3 Bd7 53. Rb7 g5
54. Kf1 f4 55. e6 Be8 56. e7 Ra8 57. Bc2 Bg6 58. Rc7 Re8 59. Ba4 Rb8 60. Rxc6
f3 61. Ke1 Rb1+ 62. Kd2 e3+ 63. Kxe3 Re1+ 64. Kxf3 Rxe7 65. Bc2 Rb7 66. Ra6 Rb5
67. Bxg6 hxg6 68. c6 Rb3+ 69. Ke4 Rxa3 70. Kd5 Rd3+ 71. Ke6 Rc3 72. Kd7 Rd3+
73. Kc8 Rc3 74. c7 a4 75. Rxa4 Kh5 76. Kb7 Rb3+ 77. Kc6 Rc3+ 78. Kb6 g4 79.
Ra5+ g5 80. Rc5 Rb3+ 81. Kc6 Rf3 82. c8=Q Rf6+ 83. Kb5 Rc6 84. Kxc6 1-0

[Event "Montreal Summer Classic"]
[Site "Montreal CAN"]
[Date "2018.08.01"]
[Round "4"]
[White "Duong, Thanh Nha"]
[Black "Hua, Eugene"]
[Result "1-0"]
[WhiteElo "2207"]
[BlackElo "2340"]
[PlyCount "215"]
[EventDate "2018.07.30"]
[EventType "tourn"]
[EventRounds "9"]
[EventCountry "CAN"]

1. d4 Nf6 2. Nf3 d5 3. e3 e6 4. Bd3 c5 5. b3 Nc6 6. O-O Bd6 7. Bb2 O-O 8. Nbd2
Nb4 9. Be2 b6 10. a3 Nc6 11. Bd3 Bb7 12. Ne5 Ne7 13. Qe2 Qc7 14. Rac1 Ne4 15.
c4 Nxd2 16. Qxd2 Bxe5 17. dxe5 dxc4 18. bxc4 Rfd8 19. Qc2 h6 20. Rcd1 Rd7 21.
Rd2 Rad8 22. Rfd1 Kf8 23. h4 Nc6 24. Qc3 Na5 25. Bf1 Rxd2 26. Rxd2 Rxd2 27.
Qxd2 Ba6 28. Qc2 Kg8 29. Qe4 Qc6 30. Qxc6 Nxc6 31. Bc3 Kf8 32. g4 Ke7 33. f4
Nb8 34. Kf2 Bb7 35. Bd3 Bc6 36. h5 Nd7 37. g5 Ba4 38. Ke2 Bc6 39. Kf2 a6 40. e4
hxg5 41. fxg5 Kf8 42. Ke3 Kg8 43. Kf4 Kh7 44. Be2 Ba4 45. Bg4 Kg8 46. Be2 Bb3
47. Ke3 Kf8 48. Bb2 Nb8 49. Bc3 Nc6 50. Kd3 Ba4 51. Ke3 Nb8 52. Bg4 Nd7 53. Be2
b5 54. Kf4 bxc4 55. Bxc4 Bb5 56. Bb3 Be2 57. h6 Kg8 58. Ba4 Bb5 59. Bd1 Nf8 60.
Bh5 Be8 61. Ba5 Kh7 62. hxg7 Kxg7 63. Bd8 Bb5 64. Bf6+ Kg8 65. Be7 Nd7 66. g6
fxg6 67. Bxg6 c4 68. Bb4 Kg7 69. Bh5 Nb8 70. Bg4 Bd7 71. Be2 Bb5 72. Bg4 Kf7
73. Bh5+ Kg7 74. Bg4 Nc6 75. Bxe6 Nd4 76. Bg4 Nc2 77. e6 Nxb4 78. axb4 Kf6 79.
Ke3 c3 80. Bd1 Kxe6 81. Kd4 Be2 82. Bb3+ Kd6 83. e5+ Kc6 84. Kxc3 Kb6 85. Bc4
Bg4 86. Kd4 a5 87. bxa5+ Kxa5 88. Kc5 Bh3 89. Bb5 Bg4 90. Bc4 Bh3 91. Kd6 Kb6
92. Be6 Bf1 93. Bf5 Bc4 94. Be4 Bf7 95. Bd5 Be8 96. e6 Ba4 97. Be4 Be8 98. Bh7
Kb7 99. Bg8 Kc8 100. Bf7 Ba4 101. e7 Kb8 102. Bd5 Be8 103. Bc6 Bh5 104. Kd7 Ka7
105. Kd8 Kb6 106. Be8 Bd1 107. Bf7 Ba4 108. Be6 1-0

[Event "Montreal Summer Classic"]
[Site "Montreal CAN"]
[Date "2018.08.01"]
[Round "5"]
[White "Chen, Richard"]
[Black "Duong, Thanh Nha"]
[Result "1/2-1/2"]
[WhiteElo "2312"]
[BlackElo "2207"]
[PlyCount "146"]
[EventDate "2018.07.30"]
[EventType "tourn"]
[EventRounds "9"]
[EventCountry "CAN"]

1. e4 e6 2. d4 d5 3. Nd2 dxe4 4. Nxe4 Nd7 5. g4 Ngf6 6. Bd3 Nxe4 7. Bxe4 Nf6 8.
Bf3 c5 9. g5 Nd5 10. Ne2 Be7 11. h4 O-O 12. Rg1 cxd4 13. Nxd4 Nb4 14. Be4 e5
15. Nf5 Qxd1+ 16. Kxd1 Bc5 17. Ke2 Re8 18. c3 Nc6 19. Rd1 Be6 20. b4 Bf8 21.
Be3 Red8 22. a4 g6 23. Ng3 Be7 24. a5 a6 25. Bb6 Rxd1 26. Rxd1 Rc8 27. Ke3 h6
28. f4 exf4+ 29. Kxf4 hxg5+ 30. hxg5 f6 31. Bxg6 fxg5+ 32. Ke4 Bb3 33. Rd2 Bf6
34. Ne2 Ne7 35. Bh5 Ba4 36. Ke3 Bc6 37. Rd1 Nd5+ 38. Kd2 Ba4 39. Rg1 Nxc3 40.
Nd4 Nd5 41. Ne6 Rc2+ 42. Kd3 Rc3+ 43. Ke4 Bc2+ 44. Kxd5 Bb3+ 45. Ke4 Bxe6 46.
Bc5 Kg7 47. Rd1 Rc4+ 48. Kd3 Rh4 49. Bf3 Bc8 50. Ke2 Kg6 51. Rd6 Bg4 52. Bxg4
Rxg4 53. Rb6 Re4+ 54. Kd3 Re8 55. Rxb7 Kf5 56. b5 Re5 57. Kc4 axb5+ 58. Kxb5
Ke4 59. a6 g4 60. a7 Rxc5+ 61. Kxc5 Bd4+ 62. Kd6 Bxa7 63. Rxa7 g3 64. Ra3 Kf4
65. Ra2 Kf3 66. Ke5 g2 67. Ra3+ Kf2 68. Ra2+ Kf3 69. Ra1 Kf2 70. Kf4 g1=Q 71.
Ra2+ Kf1 72. Ra1+ Kg2 73. Rxg1+ Kxg1 1/2-1/2

[Event "Montreal Summer Classic"]
[Site "Montreal CAN"]
[Date "2018.08.02"]
[Round "6"]
[White "Duong, Thanh Nha"]
[Black "Ostrovskiy, Aleksandr"]
[Result "1-0"]
[WhiteElo "2207"]
[BlackElo "2424"]
[PlyCount "85"]
[EventDate "2018.07.30"]
[EventType "tourn"]
[EventRounds "9"]
[EventCountry "CAN"]

1. d4 d5 2. Nf3 Nf6 3. c4 dxc4 4. Qa4+ Nc6 5. e3 Nd7 6. Qxc4 e5 7. dxe5 Ndxe5
8. Nxe5 Nxe5 9. Qe4 Bd6 10. Be2 O-O 11. f4 Ng4 12. Bxg4 Bxg4 13. O-O Be2 14.
Re1 Ba6 15. Nc3 Re8 16. Qf3 Bc5 17. Rd1 Qc8 18. a3 Bc4 19. b4 Bb6 20. Kh1 Bb3
21. Re1 a5 22. b5 a4 23. Bb2 c6 24. Ne4 Re6 25. f5 Rh6 26. Qg3 Qf8 27. Nf6+
Rxf6 28. Bxf6 cxb5 29. Rac1 Ba5 30. Rf1 b4 31. Rf4 Kh8 32. axb4 Bxb4 33. Rxb4
gxf6 34. Rxb7 h6 35. Qh4 Ra6 36. Rbc7 Kh7 37. Rc8 Qg7 38. Qb4 h5 39. Rd8 Qg4
40. Qf8 Qg7 41. Rcc8 Qxf8 42. Rxf8 Kh6 43. h4 1-0

[Event "Montreal Summer Classic"]
[Site "Montreal CAN"]
[Date "2018.08.03"]
[Round "8"]
[White "Ragnarsson, Dagur"]
[Black "Duong, Thanh Nha"]
[Result "1/2-1/2"]
[WhiteElo "2247"]
[BlackElo "2207"]
[PlyCount "133"]
[EventDate "2018.07.30"]
[EventType "tourn"]
[EventRounds "9"]
[EventCountry "CAN"]

1. d4 Nf6 2. g3 d5 3. Bg2 c6 4. Nf3 Bf5 5. c4 e6 6. Nc3 Nbd7 7. O-O Bd6 8. Nh4
Bg4 9. Qb3 Qb6 10. f3 Bh5 11. Qxb6 axb6 12. cxd5 Nxd5 13. g4 Nxc3 14. bxc3 Be7
15. gxh5 Bxh4 16. e4 O-O 17. f4 Ra5 18. f5 exf5 19. h6 fxe4 20. hxg7 Kxg7 21.
Bxe4 Bg5 22. Bb2 Nf6 23. Bc2 Re8 24. Bb3 Re2 25. Bc1 Bxc1 26. Raxc1 Rg5+ 27.
Kh1 Rgg2 28. Rg1 Rxg1+ 29. Rxg1+ Kf8 30. Rf1 Ke7 31. Rf3 b5 32. Kg1 b6 33. h3
Nd5 34. Kf1 Re6 35. Bxd5 cxd5 36. Rg3 Rf6+ 37. Ke2 Rg6 38. Rf3 Rg2+ 39. Kd3
Rxa2 40. Rf5 Ke6 41. Rh5 Rb2 42. Re5+ Kd6 43. Rf5 b4 44. Rf6+ Ke7 45. Rxb6 bxc3
46. Rh6 c2 47. Kd2 f5 48. Rxh7+ Kf6 49. Rd7 Ke6 50. Rc7 f4 51. Rxc2 Rb4 52. Kc3
Rc4+ 53. Kd3 Kf5 54. Re2 f3 55. Re5+ Kf4 56. Rxd5 Rc1 57. Rd8 f2 58. Rf8+ Kg3
59. d5 Kg2 60. Kd4 Rc8 61. Rf6 f1=Q 62. Rxf1 Kxf1 63. d6 Kg2 64. Ke5 Kg3 65. d7
Rh8 66. Kd6 Kxh3 67. Kc7 1/2-1/2